El burlador de Sevilla y Convidado de Piedra

Gorde:
Xehetasun bibliografikoak
Egile nagusia: Molina, Tirso de
Formatua: Liburua
Hizkuntza:Undetermined
Argitaratua: Buenos Aires, Argentina Kapelusz 1972
Gaiak:
Etiketak: Etiketa erantsi
Etiketarik gabe, Izan zaitez lehena erregistro honi etiketa jartzen!

MARC

LEADER 00000nam a2200000Ia 4500
008 170316s9999 xx 000 0 und d
040 |a cru BVZT 
090 |a 862 M-45bp 
100 |a Molina, Tirso de 
245 |a El burlador de Sevilla y Convidado de Piedra 
260 |a Buenos Aires, Argentina 
260 |b Kapelusz 
260 |c 1972 
300 |a 154 páginas 
650 |a LITERATURA ESPAÑOLA 
650 |a COMEDIA 
942 0 0 |0 2 
999 |c 10168  |d 10168